| 000 | 01443nam a2200373Ia 4500 | ||
|---|---|---|---|
| 001 | ebr10575762 | ||
| 003 | CaPaEBR | ||
| 006 | m u | ||
| 007 | cr cn||||||||| | ||
| 008 | 070423s2008 nyu sb s001 0 eng d | ||
| 010 | _z 2007016826 | ||
| 020 | _z079147335X (hardcover : alk. paper) | ||
| 020 | _z0791473368 (pbk. : alk. paper) | ||
| 020 | _z9780791473351 | ||
| 020 | _z9780791478851 | ||
| 040 |
_aCaPaEBR _cCaPaEBR |
||
| 035 | _a(OCoLC)212089566 | ||
| 050 | 1 | 4 |
_aBD233 _b.C69 2008eb |
| 082 | 0 | 4 |
_a128 _222 |
| 100 | 1 | _aCoward, Harold G. | |
| 245 | 1 | 4 |
_aThe perfectibility of human nature in eastern and western thought _h[electronic resource] / _cHarold Coward. |
| 260 |
_aAlbany : _bState University of New York Press, _cc2008. |
||
| 300 | _aix, 219 p. | ||
| 490 | 1 | _aSUNY series in religious studies | |
| 504 | _aIncludes bibliographical references (p. 195-214) and index. | ||
| 533 |
_aElectronic reproduction. _bPalo Alto, Calif. : _cebrary, _d2013. _nAvailable via World Wide Web. _nAccess may be limited to ebrary affiliated libraries. |
||
| 650 | 0 | _aPerfection. | |
| 650 | 0 |
_aPerfection _xReligious aspects. |
|
| 650 | 0 | _aPhilosophical anthropology. | |
| 655 | 7 |
_aElectronic books. _2local |
|
| 710 | 2 | _aebrary, Inc. | |
| 830 | 0 | _aSUNY series in religious studies. | |
| 856 | 4 | 0 |
_uhttp://site.ebrary.com/lib/rucke/Doc?id=10575762 _zAn electronic book accessible through the World Wide Web; click to view |
| 999 |
_c78313 _d78313 |
||